Restaurants By Google Review #4 - Statistics

General Stats
  • This quiz has been taken 27 times
  • The average score is 6 of 8
Answer Stats
Question Answer % Correct
good, fresh fast Mexican food, it's not 5 star restaurant but the food quality was excellent for fast food. bowls & burrito comparable to Chipotle. chicken fresh on grill, looks very clean & follows sanitary procedures El Pollo Loco
100%
It is a donut factory you could see the donuts getting made live. Also get a dozen Donuts, they have coffee and soft drinks. The place smells like sugar is in the air. Atmosphere is friendly and welcoming. The staff is friendly and very helpful. Krispy Kreme
100%
26.80 for a large pizza and bread sticks is pretty ridiculous, especially when the pizza is literally a step above a little Caesars hot n ready... but when you call and specifically ask for extra garlic dipping sauce and only get one really grinds my gears. Im betting I was charged for that dipping sauce I didn't get tho... never again. Papa John's
100%
It's fast food.. not bad for chicken and fries. They did run out of chicken legs today which seems bizarre for a chicken place that sells pieces. The customer behind me paid and then was told they didn't have any. She requested her money back but then had to wait a while to get a manager to refund it. I stop by for a clean enough bathroom and quick nibble. The biscuits are good! They serve Pepsi products and don't have Buffalo sauce. Bojangle's
83%
The drinks are fantastic. Especially the coffee and donuts. Their food can taste funky sometimes. I think it depends on who cleaned their machines or overheated the prior order. Dunkin' Donuts
83%
Decent pizza for the cheap price if you’re running around with no plans to cook. They’re always short staffed it’s seems and it looks a bit dirty inside in general at this location. Will go back for Italian Cheese Bread, just a little worried about the cleanliness at this one. Little Caesars
67%
Subs were decent. The Italian was done well with it being filled with stuff, the cheesesteak was a bit.... Thin. Think they could have made it more hearty, not a good meat /bread ratio. We ate at 1130,so before the huge lunch crowd, and the floors and tables were unclean and dirty with crumbs. And nobody was cleaning while we were there. Jersey Mike's
33%
All i can say is why would anyone EVER eat a sub from anywhere else?! Everything about their sandwiches is good..Soft bread, plentiful meats and cheese, crisp greens..oh, and you can get sprouts on your sandwich..YUM! I recommend the Beach Club, add sprouts! Best sandwich on the menu! Good prices, speedy service, courteous staff Jimmy John's
33%
No matching quizzes found
Score Distribution
Percent of People with Each Score
Percentile by Number Answered
Your Score History
You have not taken this quiz